| 000 | 01254 a2200289 4500 | ||
|---|---|---|---|
| 999 |
_c6812 _d6812 |
||
| 020 | _a9780759105089 (cloth : alk. paper) | ||
| 020 | _a0759105081 (cloth : alk. paper) | ||
| 020 | _a9780759105096 (pbk. : alk. paper) | ||
| 020 | _a075910509X (pbk. : alk. paper) | ||
| 050 | 0 | 0 | _aAM5.ALE 2008 |
| 100 | 1 |
_aAlexander, Edward P. _d1907-2003. _eeditor |
|
| 245 | 1 | 0 |
_aMuseums in motion : _ban introduction to the history and functions of museums / _cEdward P. Alexander and Mary Alexander. |
| 250 | _a2nd ed. | ||
| 264 |
_aLanham: _bRowman and Littlefield., _c2008 |
||
| 300 | _axiii, 352 p. ; | ||
| 440 | 0 | _aAmerican Association for State and Local History book series | |
| 500 | _aIncludes bibliographical references (p. 323-331) and index. | ||
| 504 | _aIncludes bibliographical references (p. 323-331) and index. | ||
| 650 | 0 | _aMuseums. | |
| 650 | 0 |
_aMuseums _xHistory. |
|
| 650 | 0 |
_aMuseums _xPhilosophy. |
|
| 700 | 1 |
_aAlexander, Mary, _d1946- |
|
| 710 | 2 | _aAmerican Association for State and Local History. | |
| 856 | 4 | 1 |
_3Table of contents only _uhttp://www.loc.gov/catdir/toc/ecip0719/2007022412.html |
| 942 |
_2lcc _cBK _h5 _iALE _kAM |
||